Wszystkie kraje które wystąpiły kiedykolwiek na mundialu - Statystyki

Ogólne statystyki
  • Ten quiz został rozwiązany 70 razy
  • Średni wynik to 70 z 83
Statystyki odpowiedzi
Występy Najlepszy występ Reprezentacja % Poprawnych
20 Mistrzostwo Argentyna
100%
23 Mistrzostwo Brazylia
100%
17 Mistrzostwo Anglia
98%
15 Czwarte miejsce Belgia
98%
17 Mistrzostwo Francja
98%
12 Drugie miesjce Holandia
98%
9 Trzecie miejsce Polska
98%
11 Czwarte miejsce Rosja/ZSRR
98%
18 Mistrzostwo Włochy
98%
3 Ćwierćfinał Irlandia
96%
2 Ćwierćfinał Korea Północna
96%
21 Mistrzostwo Niemcy/RFN
96%
9 Trzecie miejsce Portugalia
96%
12 Drugie miejsce Szwecja
96%
17 Mistrzostwo Hiszpania
94%
9 1/8 finału Japonia
94%
4 Faza grupowa Kanada
94%
12 Czwarte miejsce Korea południowa
94%
18 Ćwierćfinał Meksyk
94%
13 1/8 finału Serbia/Jugosławia
94%
13 Trzecie miejsce USA
94%
1 Faza grupowa Chiny
92%
7 Drugie miejsce Chorwacja
92%
8 Faza grupowa Iran
92%
4 1/8 finału Norwegia
92%
1 1/8 finału Słowacja
92%
9 Faza grupowa Szkocja
92%
13 Ćwierćfinał Szwajcaria
92%
1 Ćwierćfinał Ukraina
92%
15 Mistrzostwo Urugwaj
92%
2 Ćwierćfinał Walia
92%
7 1/8 finału Australia
91%
8 Trzecie miejsce Austria
91%
9 Trzecie miejsce Chile
91%
9 Drugie miejsce Czechy
91%
7 Czwarte miejsce Maroko
91%
4 Ćwierćfinał Senegal
91%
2 Faza grupowa Słowenia
91%
4 1/8 finału Egipt
89%
3 1/8 finału Grecja
89%
2 Faza grupowa Haiti
89%
7 Czwarte miejsce Bułgaria
87%
9 Wicemistrz Węgry
87%
7 1/8 finału Arabia Saudyjska
85%
8 Ćwierćfinał Kamerun
85%
7 Ćwierćfinał Kolumbia
85%
5 Ćwierćfinał Peru
85%
4 Faza grupowa Republika Południowej Afryki
85%
7 Faza grupowa Tunezja
85%
3 Ćwierćfinał Irlandia Północna
83%
2 Faza grupowa Panama
83%
4 Faza grupowa Nowa Zelandia
81%
7 Ćwierćfinał Rumunia
81%
2 Trzecie miejsce Turcja
81%
3 Faza grupowa Boliwia
79%
6 Ćwierćfinał Dania
79%
1 Faza grupowa Demokratyczna Republika Konga
79%
5 Ćwierćfinał Ghana
79%
1 Faza grupowa Irak
79%
1 Faza grupowa Islandia
79%
6 Ćwierćfinał Kostaryka
79%
2 Faza grupowa Katar
77%
1 Ćwierćfinał Kuba
77%
4 Faza grupowa Wybrzeże Kości Słoniowej
77%
5 1/8 finału Algieria
75%
1 Faza grupowa Izrael
75%
6 1/8 finału Nigeria
75%
5 1/8 finału Ekwador
74%
1 Faza grupowa Jamajka
74%
9 Ćwierćfinał Paragwaj
74%
1 Faza grupowa Bośnia i Hercegowina
72%
3 Faza grupowa Honduras
72%
1 Debiut Uzbekistan
62%
1 Faza grupowa Zjednoczone Emiraty Arabskie
62%
1 Faza grupowa Angola
60%
1 Debiut Republika Zielonego Przylądka
60%
1 Faza grupowa Kuwejt
58%
2 Faza grupowa Salwador
58%
1 1/8 finału Indonezja
57%
1 Debiut Jordania
57%
1 Debiut Curacao
55%
1 Faza grupowa Trynidad i Tobago
55%
1 Faza grupowa Togo
47%
Nie znaleziono quizów pasujących do podanych kryteriów
Rozkład punktacji
Procent ludzi z każdym wynikiem
Percentyl według liczby udzielonych odpowiedzi
Twoja historia wyników
Nie rozwiązałeś tego quizu